|
|
|
|
| LEADER |
01104nam a2200277 a 4500 |
| 001 |
GR-MES14943 |
| 008 |
071121u2008 mau 000 b eng d |
| 020 |
|
|
|a 0618749349
|
| 040 |
|
|
|a GrPaTEI
|b gre
|c GR-PaULI
|
| 040 |
|
|
|a GrPaTEI
|b gre
|c GR-PaULI
|
| 082 |
|
0 |
|a 174.4
|2 21
|
| 100 |
1 |
|
|a Ferrell, O.C.
|
| 245 |
1 |
0 |
|a Business Ethics :
|b Ethical Decision Making and Cases /
|c O. C. Ferrell, John Fraedrich, Linda Ferrell.
|
| 250 |
|
|
|a 7th ed.
|
| 260 |
|
|
|a Boston :
|b Houghton Mifflin Co.,
|c c2008
|
| 300 |
|
|
|a xxii, 496 σ. :
|b εικ ;
|c 24 εκ.
|
| 500 |
|
|
|a Περιλαμβάνει ευρετήριο.
|
| 504 |
|
|
|a Βιβλιογραφία : σ. [463]-482
|
| 650 |
|
0 |
|a Business ethics
|
| 650 |
|
4 |
|a Επιχειρησιακή ηθική
|
| 700 |
1 |
|
|a Ferrell, Linda
|
| 700 |
1 |
|
|a Fraedrich, John
|
| 942 |
|
|
|2 ddc
|
| 952 |
|
|
|0 0
|1 0
|2 ddc
|4 0
|6 174_400000000000000_FER
|7 0
|9 272797
|a MSLG
|b MSLG
|c BSC
|d 2021-01-17
|e 24
|f 0
|g 0.00
|l 0
|o 174.4 FER
|p 2420000023509
|r 2021-01-17 00:00:00
|t 1
|w 2021-01-17
|y BK15
|x 20090317 0 ΤΣΑΝΤΑΡΛΙΩΤΗ 1
|x GrPaTEI
|
| 971 |
|
|
|a .b25809921
|b 15-04-20
|c 13-09-16
|
| 999 |
|
|
|c 157842
|d 157842
|